Normal view
MARC view
- Frank Gehry
Entry Personal Name
001 - CONTROL NUMBER
- control field: 32648
003 - CONTROL NUMBER IDENTIFIER
- control field: OSt
005 - DATE AND TIME OF LATEST TRANSACTION
- control field: 20181117135854.0
008 - FIXED-LENGTH DATA ELEMENTS
- fixed length control field: 181117|| aca||aabn | a|a d
040 ## - CATALOGING SOURCE
- Original cataloging agency: OSt
100 ## - HEADING--PERSONAL NAME
- Personal name: Frank Gehry
